Get the Picture: An 'A' in Disney Quiz Stats

 Plays Quiz Updated Aug 13, 2019

Score 0/15 Timer 02:00
3 Plays Today
Question Answer Wrong Answers
Featured the voice of Robin Williams Aladdin
91.5%
The Aristocats
3.5%
Alice in Wonderland
0.9%
Had a character named 'Roquefort' The Aristocats
88.5%
Aladdin
1.9%
Alice in Wonderland
5.3%
Was released to theaters in 1992 Aladdin
87.7%
The Aristocats
4.9%
Alice in Wonderland
3.2%
Featured the song 'Scales and Arpeggios' The Aristocats
83.4%
Aladdin
2.6%
Alice in Wonderland
9.7%
Won Oscars for Best Original Song and Best Original Score, and was nominated for Sound, Sound Effects Editing, and a second Song. Aladdin
83.1%
The Aristocats
5.3%
Alice in Wonderland
7.5%
Featured 'The Unbirthday Song' Alice in Wonderland
81.9%
Aladdin
1.8%
The Aristocats
12.1%
Was released to theaters in 1951 Alice in Wonderland
79.6%
Aladdin
1.6%
The Aristocats
14.7%
Was released to theaters in 1970 The Aristocats
75.8%
Aladdin
3.8%
Alice in Wonderland
16.2%
Had a character named 'Gazeem' Aladdin
72.7%
The Aristocats
18.3%
Alice in Wonderland
4.9%
Had a character named 'Doorknob' Alice in Wonderland
65.8%
Aladdin
2%
The Aristocats
27.8%
Featured the voice of Eva Gabor The Aristocats
63%
Aladdin
7.6%
Alice in Wonderland
25%
Featured the song 'One Jump Ahead’ Aladdin
57.4%
The Aristocats
26.9%
Alice in Wonderland
11.5%
Was not nominated for an Oscar, but was nominated for a Grammy for 'Best Recording for Children' The Aristocats
45.6%
Aladdin
20.1%
Alice in Wonderland
30.2%
Featured the voice of Richard Haydn Alice in Wonderland
41.3%
Aladdin
10.5%
The Aristocats
43.6%
Was nominated for one Oscar- Best Scoring of a Motion Picture Alice in Wonderland
30%
Aladdin
50.4%
The Aristocats
15.3%

Today's Daily Dose

You're not logged in!

Compare scores with friends on all Sporcle quizzes.
OR
Log In

Sporcle TV

Today on Sporcle TV


Watch our educational content, quiz creation guides, and fun videos on Sporcle TV.

Show Comments

Extras

Top Quizzes Today


Score Distribution

Your Account Isn't Verified!

In order to create a playlist on Sporcle, you need to verify the email address you used during registration. Go to your Sporcle Settings to finish the process.

Report this User

Report this user for behavior that violates our Community Guidelines.

Details: